| 000 | 00748nam a2200193 i 4500 | ||
|---|---|---|---|
| 001 | 117889 | ||
| 003 | ES-MaACL | ||
| 005 | 20250827030515.0 | ||
| 007 | t| | ||
| 008 | 070214s1901 au r ||||1| ger d | ||
| 100 | 1 |
_aPappafava, Vladimir. _988882 |
|
| 245 | 1 | 0 |
_aÜber die räumliche umgrenzung des notariellen wirkungskreises und zwar auf dem festen lande, dem wasser und im luftraum _b: Das notariat und internationales recht betreffende fragen / _cvon Vladimir Pappafava ; (übersetzung von M. Leesberg). |
| 260 |
_aInnsbruck : _bWagner, _c1901. |
||
| 300 |
_a114 p. ; _c24 cm. |
||
| 650 | 0 | 7 |
_aNotariado _2embne _915597 |
| 650 | 0 | 7 |
_aDerecho aeronáutico _2embne _911648 |
| 852 |
_aES-MaACL _jT-979-F-9 |
||
| 999 |
_c117889 _d117889 |
||